[Event "GEO-ch U20 Boys 2020"]
[Site "Tbilisi"]
[Date "2020.08.06"]
[Round "1.1"]
[White "Kacharava, Nikolozi"]
[Black "Kupatadze, Tornike"]
[Result "1-0"]
[WhiteElo "2437"]
[BlackElo "1617"]
[Annotator "TA"]
[PlyCount "55"]
[EventDate "2020.08.06"]
[EventType "tourn"]
[EventCountry "GEO"]
[SourceTitle "playchess.com"]
[Source "ChessBase"]
[SourceQuality "1"]

{[%evp 27,55,65,68,50,141,132,150,67,68,70,75,84,66,81,177,183,186,181,339,371,620,573,1300,1328,1071,903,6267,6276,3106,2562]} 1. e4 e6 2. d4 d5 3. Nd2 Nf6 4. e5 Nfd7 5. Bd3 c5 6. c3 Nc6 7. Ne2 Qb6 8. Nf3 cxd4 9. cxd4 f6 10. exf6 Nxf6 11. O-O Bd6 12. Bf4 Bxf4 13. Nxf4 O-O 14. Re1 Qxb2 15. g3 {C06: French Tarrasch: 3...Nf6 4 e5 Nfd7 5 Bd3 main lines.} Bd7 (15... Re8 $14) 16. Rb1 $16 {[#]} Qa3 $146 ({Predecessor:} 16... Qxa2 17. Ne5 Bc8 18. Rc1 a5 19. Re3 Nxe5 20. dxe5 Ne4 21. Bxe4 dxe4 22. Rc7 Qb2 23. Rec3 g6 24. Qd6 e3 25. fxe3 Qb4 26. Qd3 b6 27. Kg2 Qb2+ 28. Kh3 {1-0 (28) Taher,Y (2469)-Chakravarthi,R (2366) Penang 2019}) 17. Ne5 ({Reject} 17. Nxe6 Rfe8 $11) (17. Rxb7 $16 {aiming for Ng5.} Rab8 18. Rxb8 Rxb8 19. Ne5 (19. Nxe6 Qxa2 20. Nf4 Bg4 $14)) 17... Nd8 18. Nxd7 Nxd7 19. Nxe6 Nxe6 20. Rxe6 Qxa2 (20... Rac8 $16 {keeps fighting.}) 21. Re2 $18 ({Weaker is} 21. Rxb7 Qxf2+ 22. Kh1 Nf6 $15) 21... Qa3 22. Rxb7 Qd6 $2 {[#]} (22... Rac8 23. Kg2 (23. Rxd7 Rc1 $17) 23... Rc3) 23. Qe1 $1 {Black must now prevent Re6.} Qc6 $2 (23... Rfb8) 24. Re7 {White is clearly winning.} Qxb7 25. Qe6+ Kh8 {[#]} 26. Qh3 $1 {[%csl Gd3][%cal Rh3h7][%mdl 512]} h6 27. Qg4 {[%csl Ge7][%cal Rg4g7]} Rg8 28. Qf5 {Accuracy: White = 83%, Black = 24%.} 1-0

[Event "GEO-ch U20 Boys 2020"]
[Site "Tbilisi"]
[Date "2020.08.06"]
[Round "1.2"]
[White "Memarnishvili, Archil"]
[Black "Petriashvili, Nikoloz"]
[Result "0-1"]
[WhiteElo "1575"]
[BlackElo "2423"]
[Annotator "TA"]
[PlyCount "66"]
[EventDate "2020.08.06"]
[EventType "tourn"]
[EventCountry "GEO"]
[SourceTitle "playchess.com"]
[Source "ChessBase"]
[SourceQuality "1"]

{[%evp 9,66,-39,-28,-60,-45,-65,-33,-48,-48,-52,-48,-48,-41,-52,-44,-89,-82,-93,-98,-90,-108,-95,-72,-66,-28,-43,-41,-42,-36,-62,-48,-100,-97,-106,-106,-243,-218,-244,-250,-304,-320,-295,-268,-329,-319,-348,-345,-320,-339,-475,-470,-466,-518,-500,-453,-547,-492,-710,-707]} 1. g3 c5 2. d3 Nc6 3. Bg2 d5 4. Nf3 e5 5. c3 Be7 6. Qc2 {A00: Irregular Openings.} Be6 7. O-O {[#]} Qd7 $146 ({Predecessor:} 7... Rc8 8. e4 d4 9. a4 b6 10. Na3 h5 11. h4 f6 12. Nc4 Nh6 13. Nh2 g5 {0-1 (39) Fuggetta,L (2055)-Antoniacci,R (2052) Arco 2002}) 8. Nbd2 {Black is slightly better.} g5 9. e4 d4 10. cxd4 cxd4 11. Nc4 {[%cal Bd2c4,Bc4b2,Bb2d1,Bd1f2][%mdl 32]} f6 $1 12. b3 b5 13. Nb2 Rc8 14. Qe2 Ba3 15. Ne1 h5 16. f4 g4 17. Nd1 Bd6 18. f5 Bf7 19. Nf2 Bb4 20. Bd2 (20. Rb1 $15) 20... Bc3 $17 21. Rc1 b4 {[%cal Bb5b4,Bb4c3][%mdl 32]} 22. h4 {This costs White the game.} (22. h3 $17) 22... a5 $19 23. Rb1 {[#]} a4 $1 {[%mdl 512]} 24. Nd1 (24. bxa4 Bxa2) 24... axb3 25. axb3 Na5 26. Bxc3 bxc3 ({But not} 26... dxc3 27. Qa2 $19) 27. Qc2 Qb5 28. b4 Nc6 29. Qe2 (29. Nxc3 $142 dxc3 30. Qxc3) 29... Nxb4 {Black is clearly winning.} 30. Nf2 {[#] Black must now prevent Nc2.} Qa4 31. Qd1 Qxd1 32. Rxd1 c2 33. Rc1 (33. Nxc2 $142 Rxc2 34. Rc1) 33... Bb3 {Accuracy: White = 50%, Black = 96%.} 0-1

[Event "GEO-ch U20 Boys 2020"]
[Site "Tbilisi"]
[Date "2020.08.06"]
[Round "1.3"]
[White "Akhvlediani, Irakli"]
[Black "Saakyan, David"]
[Result "1-0"]
[WhiteElo "2358"]
[BlackElo "1553"]
[Annotator "TA"]
[PlyCount "103"]
[EventDate "2020.08.06"]
[EventType "tourn"]
[EventCountry "GEO"]
[SourceTitle "playchess.com"]
[Source "ChessBase"]
[SourceQuality "1"]

{[%evp 14,103,21,17,43,45,83,88,103,108,127,133,234,188,231,216,216,224,237,236,244,244,290,273,402,389,422,412,476,454,453,448,685,675,635,607,526,341,347,260,263,258,346,345,331,336,335,334,585,580,554,554,687,680,712,668,651,107,623,613,619,522,482,474,1946,1981,5285,2345,6087,5357,12827,5293,29982,29983,29983,29984,29986,29987,29988,29989,29989,29990,29991,29992,29993,29994,29995,29995,29995,29995,29997,29993]} 1. d4 d5 2. c4 e6 3. Nf3 Nf6 4. g3 Be7 5. Bg2 O-O 6. O-O b6 7. cxd5 exd5 8. Nc3 c6 {E06: Closed Catalan: Early deviations.} 9. Ne5 Qc7 10. Bf4 Bd6 {White is better.} 11. Rc1 {[#]} Qe7 $146 ({Predecessor:} 11... Qd8 12. e4 dxe4 13. Nxe4 Nxe4 14. Bxe4 Bb7 15. Qh5 g6 16. Qh6 Re8 17. Nxf7 Bxf4 18. Qxf4 {1-0 (25) Csulits,A (2207)-Raschun,G (1989) Velden 2009}) 12. e4 {[%cal Re4d5]} Bb7 (12... Bxe5 $16 13. dxe5 Nxe4) 13. Nxc6 {[%mdl 64] Clearance} Bxc6 14. Bxd6 Qxd6 15. e5 {[%mdl 64] Double Attack} Qe6 16. exf6 Qxf6 17. Nxd5 Qd6 18. Qb3 Rd8 (18... Re8 {was worth a try.} 19. Qa3 Qd7) 19. Rfe1 Kf8 20. Qe3 h6 21. Nc7 Qxc7 {[#]} 22. d5 $1 {[%mdl 512]} Na6 (22... a5 $142 23. Qa3+ Rd6) (22... Bxd5 23. Rxc7) 23. Rxc6 $18 Qd7 24. Rxh6 {[%cal Rh6h8]} Kg8 25. Rh4 {Strongly threatening Qd3.} Re8 26. Re4 Nc7 27. Re7 Qd6 28. Qa3 Qxa3 29. bxa3 Rxe7 30. Rxe7 {[%mdl 4096] Endgame Threatens to win with d6. KRB-KRN} Nb5 $2 {[#]} (30... Na6 {keeps fighting.} 31. d6 Rd8) 31. d6 $1 Rd8 (31... Nxd6 32. Bxa8) 32. d7 {aiming for Re8+.} Nc7 {If Black can now play ...Kf8 this consolidates a bit.} 33. Bc6 Kf8 34. Re8+ Rxe8 35. dxe8=R+ ({Less strong is} 35. dxe8=Q+ Nxe8 36. Bxe8 Kxe8 $16) 35... Nxe8 36. Bxe8 Kxe8 {KP-KP} 37. Kg2 Kd7 38. Kf3 Kc6 (38... Ke7 $142 39. Ke4 Ke6) 39. h4 Kb5 40. g4 f6 41. Ke3 Ka4 42. h5 (42. f4 $142 a5 43. h5) 42... Kxa3 43. f4 {White mates.} Kxa2 44. g5 fxg5 45. fxg5 {K3P-KPP} b5 46. h6 gxh6 {KP-KP} 47. g6 b4 48. g7 b3 49. g8=Q a5 {[#]} 50. Qc4 $1 Ka3 51. Kd3 a4 52. Ke4 {White took control after the opening. Accuracy: White = 80%, Black = 36%.} 1-0

[Event "GEO-ch U20 Boys 2020"]
[Site "Tbilisi"]
[Date "2020.08.06"]
[Round "1.4"]
[White "Kotolashvili, Davit"]
[Black "Tsomaia, Nikoloz"]
[Result "0-1"]
[WhiteElo "1537"]
[BlackElo "2240"]
[Annotator "TA"]
[PlyCount "70"]
[EventDate "2020.08.06"]
[EventType "tourn"]
[EventCountry "GEO"]
[SourceTitle "playchess.com"]
[Source "ChessBase"]
[SourceQuality "1"]

{[%evp 12,69,0,0,51,-5,0,-17,-14,-12,0,-6,0,-9,-8,-14,-14,0,0,0,0,0,0,0,0,0,0,-10,0,-76,0,-47,-15,-34,-11,-6,-3,-18,-14,-290,-291,-315,-268,-333,-325,-456,-443,-1705,-1691,-29994,-29992,-29995,-29996,-29996,-29997,-29997,-29998,-29998,-29999,-29999]} 1. d4 Nf6 2. Nf3 g6 3. Bf4 Bg7 4. e3 d6 5. h3 Nbd7 6. Be2 O-O 7. O-O e5 {A48: 1 d4 Nf6 2 Nf3 g6: Torre, London and Colle Systems.} ({Better is} 7... b6 $11) 8. Bh2 (8. dxe5 $14 Nxe5 9. Nxe5 dxe5 10. Qxd8 (10. Bxe5 Qe7 $14) 10... Rxd8 11. Bxe5) 8... Ne4 9. c4 exd4 {The position is equal.} 10. exd4 Re8 {[#]} 11. Nbd2 $146 ({Predecessor:} 11. Re1 b6 12. Bd3 Ndf6 13. Qc2 Bb7 14. Nbd2 Nxd2 15. Nxd2 Nd7 16. Be4 Bxe4 17. Rxe4 {½-½ (42) Palchun,G (2306)-Simacek,P (2454) Pardubice 2015}) 11... Ndf6 12. Bd3 Bf5 13. Nxe4 Bxe4 14. Re1 Qd7 15. Bxe4 Nxe4 16. Qc2 f5 17. Rad1 Qf7 18. d5 Re7 19. Bf4 Rae8 20. Be3 {[#]} (20. h4 $11 {keeps the balance.}) 20... a6 (20... g5 $1 $17) 21. Rf1 Bf6 22. Bd4 Ng5 23. Nxg5 Bxg5 24. Qc3 Re2 25. Rfe1 $2 {[%mdl 8192] [#] Now White is beyond hope.} (25. a4 $11) 25... Bd2 $1 $19 {[%mdl 576] Deflection} 26. Rxd2 Rxe1+ 27. Kh2 Rf1 28. g3 (28. Qf3 {is a better defense.}) 28... f4 {Strongly threatening ...Ree1.} 29. Qd3 (29. Qf3 $142 fxg3+ 30. Qxg3) 29... Ree1 {( -> ...Rh1+)} 30. g4 Rh1+ {Black mates.} 31. Kg2 {[#]} f3+ $1 32. Kg3 (32. Qxf3 Reg1#) 32... Reg1+ 33. Kh4 {[#]} Rxg4+ $1 {[%mdl 576] Clearance} 34. Kxg4 Rg1+ 35. Kh4 Qf4# {Accuracy: White = 51%, Black = 84%.} 0-1

[Event "GEO-ch U20 Boys 2020"]
[Site "Tbilisi"]
[Date "2020.08.06"]
[Round "1.5"]
[White "Goderdzishvili, Giga"]
[Black "Papiashvili, Giorgi"]
[Result "1-0"]
[WhiteElo "2069"]
[BlackElo "1520"]
[Annotator "TA"]
[PlyCount "61"]
[EventDate "2020.08.06"]
[EventType "tourn"]
[EventCountry "GEO"]
[SourceTitle "playchess.com"]
[Source "ChessBase"]
[SourceQuality "1"]

{[%evp 14,61,23,11,23,6,31,11,4,6,85,68,100,102,97,95,92,99,92,41,93,94,80,7,172,169,153,145,397,396,361,252,392,380,540,370,359,325,328,327,294,315,315,316,301,263,393,392,354,218]} 1. c4 e6 2. g3 d5 3. Bg2 Nf6 4. Nf3 Be7 5. O-O O-O 6. b3 c6 7. Bb2 Nbd7 8. d3 Bd6 {A14: English Opening: 1...e6 with b3 by White.} 9. Nbd2 e5 10. cxd5 cxd5 {The position is equal.} 11. e4 dxe4 (11... d4 $1 $11 {keeps the balance.}) 12. dxe4 $16 b5 13. Nc4 $1 {[%cal Rc4d6]} bxc4 14. Qxd6 c3 {[%mdl 64] Decoy} 15. Bxc3 Nxe4 {[%mdl 64] Double Attack} 16. Qc6 {[#]} (16. Qd3 $1 $16 {[%cal Rd3e4]} Nxc3 17. Nxe5 (17. Qxc3 e4 $14)) 16... Bb7 $146 (16... Nxc3 $14 17. Qxc3 (17. Qxa8 Qb6 $11) 17... e4) ({Predecessor:} 16... Nxc3 17. Qxc3 e4 18. Nd4 f5 19. Nc6 Qf6 20. Rac1 Qxc3 21. Rxc3 Bb7 22. Ne7+ Kf7 23. Nxf5 {1-0 (44) Fochtler,E (2270)-Reuss,A (2170) Wuerttemberg 1999}) 17. Qxb7 Nxc3 {[#]} 18. Rfe1 ({Better is} 18. Bh3 $1 $16 Nc5 19. Qc6) 18... f6 $2 {[#]} (18... e4 $1 $11 {and Black has nothing to worry.} 19. Ng5 Qxg5 20. Qxd7 Rfd8) 19. Bh3 $1 $36 {[%cal Rh3d7][%mdl 2048] Keeping Black busy.} Nb6 20. Qc6 e4 $2 {[%mdl 8192] Loses the game.} (20... Ncd5 $16 {was called for.}) 21. Qxc3 exf3 22. Qxf3 Re8 (22... Kh8 $142 23. Qh5 g6) 23. a4 {[%cal Ba2a4,Ba4a5][%mdl 32]} Qd6 (23... a5 {keeps fighting.} 24. Qc6 Rxe1+ 25. Rxe1 Kh8) 24. a5 Nd7 25. Red1 Ne5 26. Qxa8 {[%mdl 64] Double Attack} ({Not} 26. Rxd6 Nxf3+ 27. Kg2 Ng5 $16) 26... Qxd1+ 27. Rxd1 {[%cal Ra8e8]} Rxa8 28. f4 Nc6 29. Bg2 Rc8 (29... Rd8 {might work better.} 30. Rxd8+ Nxd8) 30. Bxc6 {[%mdl 64] Overworked Piece} Rxc6 31. Rd8+ {Accuracy: White = 74%, Black = 34%.} 1-0

[Event "GEO-ch U20 Boys 2020"]
[Site "Tbilisi"]
[Date "2020.08.06"]
[Round "1.6"]
[White "Gogolashvili, Giorgi"]
[Black "Khodashneli, Shota"]
[Result "0-1"]
[WhiteElo "1497"]
[BlackElo "1940"]
[Annotator "TA"]
[PlyCount "80"]
[EventDate "2020.08.06"]
[EventType "tourn"]
[EventCountry "GEO"]
[SourceTitle "playchess.com"]
[Source "ChessBase"]
[SourceQuality "1"]

{[%evp 12,80,43,42,52,35,50,6,3,12,12,14,12,-64,-71,-85,-83,-43,-35,-55,-48,-160,-159,-132,-96,-252,-191,-197,-209,-178,-127,-213,-212,-209,-208,-223,-217,-221,-257,-280,-214,-210,-165,-373,-363,-448,-393,-395,-357,-449,-435,-420,-371,-375,-365,-358,-344,-447,-432,-630,-625,-982,-547,-992,-965,-12837,-12838,-29990,-29991,-29992,-29993]} 1. e4 c5 2. d4 cxd4 3. c3 d3 4. c4 g6 5. Bxd3 Bg7 6. Nc3 Nc6 7. Nge2 Nf6 {B21: Sicilian: 2 f4 and Morra Gambit.} 8. b3 O-O 9. Bb2 {[#]} e6 $146 {The position is equal.} ({Predecessor:} 9... d6 10. O-O Bg4 11. f3 Bd7 12. Qd2 Rc8 13. Rad1 a6 14. Kh1 Ne5 15. Bb1 Bc6 {1-0 (36) Sanchez,F (2220)-Balduzzi,H (2187) Villa Martelli 2008}) 10. O-O d5 11. exd5 exd5 12. Ba3 ({White should try} 12. Nxd5 $11 Nxd5 13. Bxg7 Kxg7 14. cxd5 Qxd5 15. Qc2) 12... Re8 $15 13. Nb5 Bg4 14. f3 Be6 15. c5 Nd7 16. Rc1 {[#]} (16. Qd2 $1 $15) 16... a6 $1 $36 {[%cal Ra6b5][%mdl 2048] Black is on the roll.} 17. Nbc3 ({Not} 17. Nd6 $2 Qa5 $19) 17... Qa5 18. Nb1 $2 (18. Na4 $17 {was the only defense.}) 18... Rac8 19. Qd2 Qxd2 20. Nxd2 a5 (20... Nd4 $19 {Strongly threatening ...Bf5.} 21. Nxd4 Bxd4+ 22. Kh1 Nxc5) 21. Kh1 {[#]} (21. Rfd1 $17 {was worth a try.}) 21... Nb4 $1 $19 {[%cal Rb4d3]} 22. Bxb4 axb4 23. Bb5 Re7 24. c6 bxc6 25. Bxc6 Ne5 26. Bb5 Ra8 27. Ba4 $2 (27. Nf4 {was called for.}) 27... Nd3 28. Rb1 Bf5 29. Ng3 Bc3 30. Nxf5 gxf5 31. Bb5 Nc5 ({Weaker is} 31... Bxd2 32. Bxd3 Rxa2 33. Bxf5 $17) 32. Rbd1 Rxa2 33. Nb1 d4 ({Less strong is} 33... Nxb3 34. Rxd5 Re1 35. Rxe1 $19) 34. Bc4 Re3 35. Nxc3 (35. Rc1 $142) 35... bxc3 {[%cal Bb4c3,Bc3c2][%mdl 32]} 36. Rxd4 c2 37. Rd5 Nxb3 {Hoping for ...Ra1.} 38. Bxb3 Rxb3 39. Re5 {[#]} Rb1 $1 {[%cal Rb1f1]} 40. Ree1 Raa1 {Accuracy: White = 37%, Black = 77%.} 0-1

[Event "GEO-ch U20 Boys 2020"]
[Site "Tbilisi"]
[Date "2020.08.07"]
[Round "2.1"]
[White "Loladze, Andria"]
[Black "Kacharava, Nikolozi"]
[Result "0-1"]
[WhiteElo "1794"]
[BlackElo "2437"]
[Annotator "TA"]
[PlyCount "48"]
[EventDate "2020.08.06"]
[EventType "tourn"]
[EventCountry "GEO"]
[SourceTitle "playchess.com"]
[Source "ChessBase"]
[SourceQuality "1"]

{[%evp 9,48,43,45,44,44,15,27,-40,-23,-34,-18,-36,-38,-50,0,0,4,0,-20,-71,-64,-162,-161,-170,-163,-131,-41,-53,-47,-108,-91,-243,-254,-382,-409,-776,-762,-957,-962,-956,-948]} 1. e4 d6 2. d4 Nf6 3. Nc3 g6 4. Be3 c6 5. Be2 Nbd7 6. Qd2 {B07: Pirc Defence: Miscellaneous Systems.} b5 7. f3 Nb6 {[#]} 8. O-O-O $146 (8. b3 $11) ({Predecessor:} 8. b3 Bb7 9. g4 a5 10. g5 Nfd7 11. f4 e5 12. dxe5 dxe5 13. Nf3 exf4 14. Bd4 {1-0 (38) Holzleithner,J (1979)-Doujak,G (1980) Playchess.com INT 2020}) 8... b4 $15 9. Nb1 a5 10. g4 Qc7 11. a3 bxa3 (11... h5 $15 12. g5 Nfd7) 12. Nxa3 $11 d5 13. e5 Ng8 14. f4 {[#]} (14. Qc3 $11 {remains equal.}) 14... e6 $1 $17 15. f5 (15. Qc3 $1 $15) 15... Bb4 16. c3 Bxa3 $1 17. bxa3 Ba6 (17... exf5 $17 18. Bf4 fxg4) 18. fxe6 $15 fxe6 19. Bg5 ({White should play} 19. Bxa6 $15 Rxa6 20. Rf1) 19... Bxe2 $17 20. Nxe2 $2 {[#] White does not recover from this.} (20. Qxe2 $17 {was the only defense.} h6 21. Bf6 Nxf6 22. exf6) 20... h6 $1 $19 {...Nc4 is the strong threat.} 21. Nf4 (21. Bf4 {is a better defense.} Nc4 22. Qa2) 21... hxg5 22. Nxg6 (22. Nxe6 $142 Qe7 23. Nc5) 22... Rh6 {Black is clearly winning.} 23. Qxg5 Qg7 24. Rdf1 Rxg6 {Accuracy: White = 27%, Black = 85%.} 0-1

[Event "GEO-ch U20 Boys 2020"]
[Site "Tbilisi"]
[Date "2020.08.07"]
[Round "2.2"]
[White "Petriashvili, Nikoloz"]
[Black "Nemsadze, Daviti"]
[Result "1-0"]
[WhiteElo "2423"]
[BlackElo "1771"]
[Annotator "TA"]
[PlyCount "90"]
[EventDate "2020.08.06"]
[EventType "tourn"]
[EventCountry "GEO"]
[SourceTitle "playchess.com"]
[Source "ChessBase"]
[SourceQuality "1"]

{[%evp 9,90,22,45,25,31,33,32,0,21,2,0,-3,-7,-13,0,-13,5,0,9,2,4,0,7,7,18,0,52,31,34,0,0,-25,0,-55,0,0,30,0,6,-21,-37,-93,-91,-82,-35,-87,-68,-77,-41,-45,-27,-27,-29,-35,59,58,65,66,61,52,41,46,125,122,124,114,116,129,239,197,566,182,632,693,694,611,701,701,701,465,701,701,29999]} 1. d4 d5 2. Bf4 Nf6 3. e3 e6 4. Nf3 Be7 5. c4 a6 {[#]} 6. c5 $146 {D02: 1 d4 d5 2 Nf3 sidelines, including 2...Nf6 3 g3 and 2...Nf6 3 Bf4.} ({Predecessor:} 6. Qc2 Nc6 7. a3 Bd6 8. Bg5 h6 9. Bh4 g5 10. Bg3 dxc4 11. Bxc4 g4 12. Nh4 Bxg3 13. hxg3 {1-0 (54) Boehme,S (2514)-Svrsek,R (2359) Remote email 2013}) 6... b6 7. cxb6 cxb6 8. Qc2 {White is slightly better.} Bd7 9. Nc3 Nc6 10. a3 Nh5 11. Be5 f6 12. Bg3 O-O 13. Bd3 f5 14. Be5 Nf6 15. h3 Nxe5 16. Nxe5 Ne4 17. O-O Nd6 (17... Be8 $11) 18. a4 Nf7 19. Nf3 Bd6 20. Qb3 Qe7 21. Rfc1 (21. h4 $11) 21... Rfb8 (21... g5 $1 $15) 22. Qc2 Bc8 23. Qe2 Bb7 24. a5 b5 25. Nb1 (25. Qd1 $15) 25... Kh8 26. Nbd2 Rg8 27. Nb3 {[#]} ({White should try} 27. h4 $1 $15) 27... g5 $1 $17 28. g3 f4 29. g4 $1 e5 30. dxe5 Nxe5 {aiming for ...fxe3.} 31. Nbd4 Nxd3 (31... fxe3 $15 32. fxe3 Rae8) 32. Qxd3 $14 Qe4 33. Qxe4 $1 dxe4 34. Nf5 $1 {[%cal Rf5d6]} Bb4 35. Ne5 {[%cal Re5f7] [#]} Rgc8 (35... Bd5 $14) 36. Nf7+ $40 {[%mdl 128] White has strong attack.} Kg8 37. Nxg5 {Rd1 is the strong threat.} fxe3 38. fxe3 Bd2 (38... Rxc1+ $16 {might work better.} 39. Rxc1 Rc8) 39. Rf1 {Strongly threatening Rad1.} Rc2 $2 (39... Re8 40. Rad1 Rad8) 40. Kh1 $2 (40. Rad1) 40... Rc7 $2 (40... Bb4 41. Rad1 Bc6) 41. Rad1 $18 {White is clearly winning.} Bb4 42. Ne6 Rc6 43. Nh6+ Kh8 44. Nf7+ Kg8 45. Nfd8 Bxa5 {Accuracy: White = 75%, Black = 57%.} 1-0

[Event "GEO-ch U20 Boys 2020"]
[Site "Tbilisi"]
[Date "2020.08.07"]
[Round "2.3"]
[White "Kavkasidze, Ilia"]
[Black "Akhvlediani, Irakli"]
[Result "0-1"]
[WhiteElo "1768"]
[BlackElo "2358"]
[Annotator "TA"]
[PlyCount "106"]
[EventDate "2020.08.06"]
[EventType "tourn"]
[EventCountry "GEO"]
[SourceTitle "playchess.com"]
[Source "ChessBase"]
[SourceQuality "1"]

{[%evp 15,106,-32,-21,-22,-12,-20,-9,-10,11,8,25,15,15,15,23,23,10,5,10,16,32,21,7,19,53,19,29,39,89,89,89,82,105,96,172,95,152,155,167,164,210,210,256,192,200,118,86,78,108,95,128,104,198,159,177,105,392,344,337,327,994,1042,1028,946,1303,344,374,322,367,-176,-176,-161,-112,-628,-592,-633,-627,-608,-605,-583,-544,-1662,-1680,-1397,-1485,-2335,-2773,-4702,-2258,-5289,-5832,-29987,-29986]} 1. d4 Nf6 2. Nf3 c5 3. c3 d5 4. Bf4 Nc6 5. e3 Qb6 6. Qb3 c4 7. Qc2 Bf5 8. Qc1 e6 9. h3 {D02: 1 d4 d5 2 Nf3 sidelines, including 2...Nf6 3 g3 and 2...Nf6 3 Bf4.} Be7 10. Nbd2 h6 11. Be2 {The position is equal.} Bh7 {[#]} 12. Bd1 $146 ({Predecessor:} 12. O-O O-O 13. Ne5 Nxe5 14. dxe5 Ne4 15. Nxe4 {½-½ (15) Weissenbeck,M (2195)-Zoebisch,H (2260) Austria 1998}) 12... g5 13. Bg3 Ne4 14. Nxe4 Bxe4 15. Bc2 Bxf3 16. gxf3 f5 17. b3 cxb3 18. axb3 Rc8 19. O-O Rg8 20. Kh1 h5 21. Rg1 Qd8 22. e4 Qd7 23. exf5 exf5 24. Bf4 Qe6 (24... Bf6 $16) 25. Qe3 (25. Bxg5 $6 Qe2 $16) ({White should try} 25. Re1 $18 Qd7 26. Rg1) 25... Qf6 ({Black should play} 25... Qxe3 26. Bxe3 f4) 26. Qd3 $16 Kf7 27. Be5 Qe6 28. Rae1 (28. Qxf5+ $6 Qxf5 29. Bxf5 Nxe5 $16) 28... Rce8 29. f4 (29. Qxf5+ $6 Qxf5 30. Bxf5 Bd8 $16) 29... g4 30. Re3 (30. hxg4 $18 Rxg4 31. Rxg4 (31. Qxf5+ Qxf5 32. Bxf5 Nxe5 $16) 31... hxg4 32. Kg2 (32. Qxf5+ Qxf5 33. Bxf5 Nxe5 $18)) 30... Bh4 31. Qe2 Ne7 32. c4 Qc6 {Threatening ...dxc4+.} 33. Kh2 b5 (33... Qe6 $16) 34. c5 Qh6 35. Bd6 (35. Kh1 $1 $18) 35... Ng6 $2 {[%mdl 8192]} (35... Nc8 $16) 36. Qd3 Re4 37. Qxb5 (37. Rxe4 fxe4 38. Qxb5 Ne7 $16) 37... Bxf2 $2 (37... Rxe3 38. fxe3 Ne7 39. Bxe7 Bxe7 40. Bxf5 Qf6) 38. Qd7+ $18 Kf6 39. Bxe4 fxe4 {[#]} 40. Be5+ $2 (40. Ra1 $3 {[%mdl 512] Threatening mate with Be5+.} a5 41. Rxa5 $3 {[%mdl 512]} g3+ 42. Kg2 (42. Rxg3 Bxg3+ 43. Kh1 Bxf4 $11) 42... Qxf4 43. Be5+ $1 {[%mdl 576] Discovered Attack} Qxe5 44. dxe5+ Kg5 45. Rxg3+ Bxg3 46. Kxg3) 40... Nxe5 41. dxe5+ ({Weaker is} 41. fxe5+ Kg6 $11) 41... Kg6 {[#]} 42. Qe6+ $4 {[%mdl 8192]} (42. f5+ $1 $18 {was the only winning move.} Kg5 43. Rf1 (43. Qxd5 Kh4 $16)) 42... Kg7 $19 43. Qxh6+ Kxh6 44. Re2 $2 {[%mdl 8192]} (44. Ree1 $17) 44... Bxg1+ 45. Kxg1 gxh3+ {[%mdl 4160] Endgame Discovered Attack. KR-KR} 46. Kh2 Kg6 47. Kxh3 {Hoping for Rg2+.} Kf5 48. c6 d4 49. e6 d3 50. Rg2 Rc8 51. Kg3 Rxc6 52. e7 Re6 53. Rd2 Rxe7 {Accuracy: White = 45%, Black = 63%.} 0-1

[Event "GEO-ch U20 Boys 2020"]
[Site "Tbilisi"]
[Date "2020.08.07"]
[Round "2.4"]
[White "Tsomaia, Nikoloz"]
[Black "Safarov, Deniel"]
[Result "1-0"]
[WhiteElo "2240"]
[BlackElo "1766"]
[Annotator "TA"]
[PlyCount "61"]
[EventDate "2020.08.06"]
[EventType "tourn"]
[EventCountry "GEO"]
[SourceTitle "playchess.com"]
[Source "ChessBase"]
[SourceQuality "1"]

{[%evp 13,61,54,83,85,88,85,98,91,92,66,103,98,132,110,117,110,111,108,129,128,216,216,197,195,202,184,186,184,237,240,250,239,241,243,329,232,237,221,299,286,326,325,435,324,447,516,515,508,542,529]} 1. e4 c5 2. Nc3 Nc6 3. Bb5 Nd4 4. Nf3 Nxb5 5. Nxb5 a6 6. Nc3 d6 7. d4 Bg4 8. dxc5 {B51: Sicilian: Moscow Variation (3 Bb5+) without 3...Bd7.} dxc5 9. Qxd8+ Rxd8 {[#]} 10. Ne5 $1 {[%cal Re5g4] White is better.} Nf6 11. Be3 e6 {[#]} 12. a4 $146 ({Predecessor:} 12. f3 Bh5 13. Na4 Nd7 14. Nxd7 Rxd7 15. Nxc5 Bxc5 16. Bxc5 f5 17. e5 Rc7 18. b4 {1-0 (94) Predojevic,B (2614)-Martinovic,S (2565) Mali Losinj 2017}) 12... Be7 13. f3 Bh5 14. h4 Bg6 15. Ra3 O-O 16. Rb3 Rb8 (16... Bd6 $16) 17. g4 $18 Bd6 18. Nc4 Bg3+ 19. Ke2 {Threatens to win with h5.} h5 {[#]} 20. g5 $1 $36 {[%cal Rg5f6][%mdl 2048] Keeping Black busy.} ({Much less strong is} 20. Bxc5 $6 Rfc8 $16) 20... Nd7 (20... Nd5 $142) 21. f4 b5 22. axb5 axb5 23. Rxb5 Bxe4 24. Rh3 {Black must now prevent Rxb8.} Rxb5 25. Nxb5 Bxc2 26. Rxg3 Rb8 27. Nbd6 Nb6 28. Kd2 Bg6 29. Nxb6 {White is clearly winning.} Rxb6 30. Nc4 Rb4 31. Kc3 {White took control after the opening. Accuracy: White = 87%, Black = 31%.} 1-0